Textbook of anatomy and physiology / (Record no. 5616)
[ view plain ]
| 000 -LEADER | |
|---|---|
| fixed length control field | 01167cam a2200361 | 4500 |
| 001 - CONTROL NUMBER | |
| control field | 221214 |
| 003 - CONTROL NUMBER IDENTIFIER | |
| control field | CaAEU |
| 005 - DATE AND TIME OF LATEST TRANSACTION | |
| control field | 20220422122610.0 |
| 008 - FIXED-LENGTH DATA ELEMENTS--GENERAL INFORMATION | |
| fixed length control field | 030279s1978 nyu 0 eng l |
| 010 ## - LIBRARY OF CONGRESS CONTROL NUMBER | |
| LC control number | 77016047 |
| 020 ## - INTERNATIONAL STANDARD BOOK NUMBER | |
| International Standard Book Number | 0070518734 |
| 035 ## - SYSTEM CONTROL NUMBER | |
| System control number | ocm03415316 |
| 040 ## - CATALOGING SOURCE | |
| Original cataloging agency | DLC |
| Language of cataloging | eng |
| Transcribing agency | ALUPE UNIVERSITY |
| 049 ## - LOCAL HOLDINGS (OCLC) | |
| Holding library | aeu |
| 050 0# - LIBRARY OF CONGRESS CALL NUMBER | |
| Classification number | QP 34.5 |
| Item number | .R45 1964 |
| 090 #0 - LOCALLY ASSIGNED LC-TYPE CALL NUMBER (OCLC); LOCAL CALL NUMBER (RLIN) | |
| Classification number (OCLC) (R) ; Classification number, CALL (RLIN) (NR) | QP 34.5 R44 1964 |
| Local cutter number (OCLC) ; Book number/undivided call number, CALL (RLIN) | ARDC |
| 090 00 - LOCALLY ASSIGNED LC-TYPE CALL NUMBER (OCLC); LOCAL CALL NUMBER (RLIN) | |
| Classification number (OCLC) (R) ; Classification number, CALL (RLIN) (NR) | QP 34 R37 1964 |
| Local cutter number (OCLC) ; Book number/undivided call number, CALL (RLIN) | AEU |
| 100 1# - MAIN ENTRY--PERSONAL NAME | |
| Personal name | Reith, Edward J. |
| 245 10 - TITLE STATEMENT | |
| Title | Textbook of anatomy and physiology / |
| Statement of responsibility, etc. | Edward J. Reith, Bertha Breidenbach, Mary Lorenc. |
| 250 ## - EDITION STATEMENT | |
| Edition statement | 2d ed. |
| 260 ## - PUBLICATION, DISTRIBUTION, ETC. | |
| Place of publication, distribution, etc. | New York : |
| Name of publisher, distributor, etc. | McGraw-Hill, |
| Date of publication, distribution, etc. | c1964. |
| 300 ## - PHYSICAL DESCRIPTION | |
| Extent | ix, 361 p. |
| Other physical details | ill. ; |
| Dimensions | 25 cm. |
| 336 ## - CONTENT TYPE | |
| Content type term | text |
| Content type code | txt |
| Source | rdacontent |
| 337 ## - MEDIA TYPE | |
| Media type term | unmediated |
| Media type code | n |
| Source | rdamedia |
| 338 ## - CARRIER TYPE | |
| Carrier type term | volume |
| Carrier type code | nc |
| Source | rdacarrier |
| 500 ## - GENERAL NOTE | |
| General note | Includes index. |
| 583 1# - ACTION NOTE | |
| Action | committed to retain |
| Time/date of action | 20170930 |
| Action interval | 20421231 |
| Authorization | HathiTrust |
| Uniform Resource Identifier | <a href="https://www.hathitrust.org/shared_print_program">https://www.hathitrust.org/shared_print_program</a> |
| Institution to which field applies | AEU |
| Public note | HathiTrust Shared Print commitment 2017 |
| 650 #0 - SUBJECT ADDED ENTRY--TOPICAL TERM | |
| Topical term or geographic name entry element | Human physiology. |
| 650 #0 - SUBJECT ADDED ENTRY--TOPICAL TERM | |
| Topical term or geographic name entry element | Human anatomy. |
| 700 1# - ADDED ENTRY--PERSONAL NAME | |
| Personal name | Breidenbach, Bertha, |
| Relator term | author. |
| 700 1# - ADDED ENTRY--PERSONAL NAME | |
| Personal name | Lorenc, Mary, |
| Relator term | author. |
| 942 ## - ADDED ENTRY ELEMENTS (KOHA) | |
| Source of classification or shelving scheme | |
| Koha item type | Book |
| Suppress in OPAC | AB |
| Withdrawn status | Lost status | Source of classification or shelving scheme | Damaged status | Not for loan | Permanent Location | Current Location | Shelving location | Date acquired | Source of acquisition | Total Checkouts | Full call number | Barcode | Date last seen | Price effective from | Koha item type | Public note |
|---|---|---|---|---|---|---|---|---|---|---|---|---|---|---|---|---|
| AU LIBRARY | AU LIBRARY | Open Shelf | 22.04.2022 | DONATION FROM MOI UNIVERSITY | QP 34.5 .R45 1964 | 28008014 | 22.04.2022 | 22.04.2022 | Book | AB |